Biblia das ist die gantze beilige schristi altes und nues testaments. (Record no. 8245)

MARC details
000 -CABECERA
campo de control de longitud fija 01125nam a2200325 a 4500
001 - NÚMERO DE CONTROL
campo de control BRCA_8582
005 - FECHA Y HORA DE LA ÚLTIMA TRANSACCIÓN
campo de control 20190320210334.0
008 - DATOS DE LONGITUD FIJA--INFORMACIÓN GENERAL
campo de control de longitud fija 190816s1708----gw-a######---#000-0#ger-#
041 ## - CÓDIGO DE LENGUA
Código de lengua del texto/banda sonora o título independiente ger
044 ## - CÓDIGO DEL PAÍS DE LA ENTIDAD EDITORA/PRODUCTORA
Código MARC del país gw
050 #4 - SIGNATURA TOPOGRÁFICA DE LA BIBLIOTECA DEL CONGRESO
Número de clasificación BS199
Número de documento/Ítem .B53
-- 1708
245 10 - MENCIÓN DE TÍTULO
Título Biblia das ist die gantze beilige schristi altes und nues testaments.
260 ## - PUBLICACIÓN, DISTRIBUCIÓN, ETC.
Lugar de publicación, distribución, etc. Nurnberg
Nombre del editor, distribuidor, etc. Johann andrea endters seel und erben
Fecha de publicación, distribución, etc. 1708
300 ## - DESCRIPCIÓN FÍSICA
Extensión T.I, 664 p.
Otras características físicas il.
Dimensiones 45 cm
500 ## - NOTA GENERAL
Nota general Fondo antiguo
500 ## - NOTA GENERAL
Nota general Se encuentra en Caja Fuerte
500 ## - NOTA GENERAL
Nota general W-40
500 ## - NOTA GENERAL
Nota general Grabado en la anteportada
500 ## - NOTA GENERAL
Nota general Portada impresa en dos tintas negro y rojo
500 ## - NOTA GENERAL
Nota general Texto escrito a dos columnas
500 ## - NOTA GENERAL
Nota general Contiene dedicatoria
500 ## - NOTA GENERAL
Nota general Incluye tablas y mapas
500 ## - NOTA GENERAL
Nota general Incluye índice
500 ## - NOTA GENERAL
Nota general Estado físico: página 11 con rotura en la esquina inferior derecha
500 ## - NOTA GENERAL
Nota general Nota de encuadernación: en piel con dorados, edición de cantos dorados
506 0# - NOTA DE RESTRICCIONES AL ACCESO
Limitaciones de acceso Fondo reservado: para su consulta es necesario credencial de usuario y carta de motivos
650 14 - PUNTO DE ACCESO ADICIONAL DE MATERIA--TÉRMINO DE MATERIA
Término de materia o nombre geográfico como elemento de entrada Biblia
9 (RLIN) 21485
902 ## - CATALOGADOR
Iniciales LAR
942 ## - ELEMENTOS DE PUNTO DE ACCESO ADICIONAL (KOHA)
Fuente del sistema de clasificación o colocación Library of Congress Classification
Tipo de ítem Koha Libros
Holdings
Estado de retiro Estado de pérdida Estado dañado No para préstamo Localización permanente Ubicación/localización actual Fecha de adquisición Número de inventario Total de préstamos Signatura topográfica completa Código de barras Fecha visto por última vez Precio válido a partir de Tipo de ítem Koha
El ejemplar forma parte de la colección y puede ser consultado según las políticas vigentes.       Biblioteca del Museo Franz Mayer (Rogerio Casas-Alatriste) Biblioteca del Museo Franz Mayer (Rogerio Casas-Alatriste) 19/08/2016 W-40   BS199 .B53 1708 (W-40) LAR00087 22/03/2019 22/03/2019 Libros